000 00245nam a22000977a 4500
999 _c11297
_d11297
008 190205b ||||| |||| 00| 0 eng d
020 _a9781841260631
100 _aBuschmann
_97039
245 _aCoordination
260 _aUK
_bMeyer & Meyer Sport
_c2002